000 00739nam a22002177a 4500
005 20240530110621.0
008 161220s2006 enko g b 001 0 eng d
020 _a9789774160462
040 _aEG-CaGPL
082 0 4 _221
_a962
_bCC/T R
100 1 _aTvedt,Terje.
245 1 4 _aThe River Nile in the aga of the British:
_bpolitical ecology and the quest for economic power \
_cTerje Tvedt
260 _acairo :
_bthe american university in cairo press ,
_c2006
300 _a456 pages :
_billustrations ;
_c24 cm
504 _aIncludes bibliographical references (pages 413 - 441)
651 0 _aEgypt
651 0 _aNile River
651 0 _aEgypt
_xhistory
651 0 _aEgypt
_xhistory
_yBritish occupation,1886 - 1936
942 _2ddc
_cBK
999 _c63054
_d63054